De l'idée de loi naturelle dans la science et la philosophie contemporaines
Guardat en:
| Autor principal: | |
|---|---|
| Format: | Llibre |
| Idioma: | francès |
| Publicat: |
París, Francia
J. Vrin
1949
|
| Col·lecció: | Bibliothèque d'Histoire de la Philosophie
|
| Matèries: | |
| Etiquetes: |
Afegir etiqueta
Sense etiquetes, Sigues el primer a etiquetar aquest registre!
|
MARC
| LEADER | 00000nam a2200000 a 4500 | ||
|---|---|---|---|
| 001 | UCZ5726 | ||
| 003 | CL-VaPUC | ||
| 005 | 20230718074422.0 | ||
| 008 | 951124e19490000FR |||||||||||||||||fre|d | ||
| 999 | |c 242016 |d 242014 | ||
| 040 | |c Pontificia Universidad Católica de Valparaíso | ||
| 082 | 0 | 4 | |a 340.1 BOU 1949 |2 21 |
| 100 | 0 | |a Boutroux, Emilio |9 347738 | |
| 245 | 1 | 0 | |a De l'idée de loi naturelle dans la science et la philosophie contemporaines |
| 260 | 0 | 3 | |a París, Francia |b J. Vrin |c 1949 |
| 300 | |a 143 páginas | ||
| 490 | 0 | |a Bibliothèque d'Histoire de la Philosophie | |
| 583 | |a last modification |c 19951124 00:00:00 |k Rodrigo Vera | ||
| 650 | 7 | |a LEGISLACION |2 CL-VaPUC |9 349896 | |
| 650 | 0 | |a Filosofía de las ciencias |9 256466 | |
| 650 | 0 | |a Teoría jurídica |9 345880 | |
| 650 | 0 | |a Lógica |9 256849 | |
| 650 | 0 | |a Matemática |9 260235 | |
| 650 | 0 | |a Mecánica |9 260096 | |
| 650 | 0 | |a Física |9 227844 | |
| 650 | 0 | |a Química |9 259896 | |
| 650 | 0 | |a Biología |9 262022 | |
| 650 | 0 | |a Psicología |9 257863 | |
| 650 | 0 | |a Sociología |9 255410 | |
| 942 | |c BK |2 ddc | ||
| 945 | |d 19951124 00:00:00 |a cmena | ||
| 952 | |0 0 |1 0 |2 ddc |4 0 |6 340_100000000000000_BOU_1949 |7 0 |8 P |9 254683 |a BIBEDU |b BIBEDU |c BIBEDU_PB |d 2019-11-19 |i 1576526 |o 340.1 BOU 1949 |p 1576526 |r 2019-11-19 |t 1 |w 2019-11-19 |y BK |k FIL | ||